Gestió de recintes escènics : manual d'usuari manual d'usuari
Publicado:
Barcelona :
Diputació de Barcelona. Àrea de Cultura. Oficina de Difusió Artística, [2007?]
Descripción Física:
82 p. : il. col. ; 30 cm
MARC
| LEADER | 00000nam a2200000Ia 4500 | ||
|---|---|---|---|
| 001 | 19912 | ||
| 008 | 160829s9999 xx 000 0 cat d | ||
| 080 | |a C-3-64 | ||
| 245 | |a Gestió de recintes escènics : |b manual d'usuari | ||
| 260 | |a Barcelona : |b Diputació de Barcelona. Àrea de Cultura. Oficina de Difusió Artística, [2007?] | ||
| 300 | |a 82 p. : |b il. col. ; |c 30 cm | ||
| 650 | |a Programari |9 46390 | ||
| 650 | |a Gestió cultural |x Bases de dades |x Manuals, guies, etc. |9 46391 | ||
| 710 | 1 | |a Barcelona (Catalunya : Província). |b Oficina de Difusió Artística |9 52669 | |
| 901 | |a Arxiu | ||
| 942 | |n 1 | ||
| 952 | |0 0 |1 0 |4 0 |6 C364 |7 1 |9 53183 |a Arxiu |b Arxiu |d 2016-12-01 |l 0 |o C-3-64 |p 19912 |r 2016-12-01 00:00:00 |w 2016-12-01 |y ARXIU | ||
| 999 | |c 57032 |d 57032 | ||